Constitución Política de la República de Chile: anotaciones y concordancias. Títulos de artículos

Guardat en:
Dades bibliogràfiques
Autor principal: Bronfman Vargas, Alan Julio (autor)
Altres autors: Martínez Estay, José Ignacio (autor)
Format: Desconegut
Idioma:anglès
Publicat: Santiago, Chile Legal Publishing 2020
Col·lecció:Colección Edición Estudiantil 2020
Matèries:
Etiquetes: Afegir etiqueta
Sense etiquetes, Sigues el primer a etiquetar aquest registre!

MARC

LEADER 00000 a2200000 4500
003 CL-VaPUC
005 20240806124947.0
008 200331b ||||| |||| 00| 0 eng d
999 |c 423177  |d 423175 
020 |a 9789564001173 
040 |c Pontificia Universidad Católica de Valparaíso 
082 0 4 |2 21  |a 342.83 BRO 2020 
100 |a Bronfman Vargas, Alan Julio  |e autor  |9 814208 
245 1 0 |a Constitución Política de la República de Chile: anotaciones y concordancias. Títulos de artículos 
250 |b Actualizada al 3 de enero de 2020 
260 3 |b Legal Publishing  |c 2020  |a Santiago, Chile 
300 |a 111 páginas 
490 0 |a Colección Edición Estudiantil 2020 
583 |k Hugo Gaete  |c 20200331 
650 1 0 |a Constitución política  |z CHILE  |9 336925 
650 1 0 |a Derecho constitucional   |9 222588 
700 |a Martínez Estay, José Ignacio  |e autor  |9 602023 
942 |2 ddc  |c BK 
952 |0 0  |1 0  |2 ddc  |4 0  |6 342_830000000000000_BRO_2020  |7 0  |8 R  |9 562167  |a BIBDER  |b BIBDER  |d 2020-03-27  |e 46  |g 0.00  |i 5575133  |l 38  |m 2  |o 342.83 BRO 2020  |p 5575133  |r 2025-04-16  |s 2025-04-16  |t 1  |v 0.00  |w 2020-03-27  |y BK_R  |k DER